[Event "Queenstown Classic"]
[Site "Queenstown, New Zealand"]
[Date "2012.01.22"]
[Round "8.14"]
[White "Haznedaroglu, Kivanc"]
[Black "Steadman, Michael"]
[Result "0-1"]
[WhiteElo "2447"]
[BlackElo "2258"]
[PlyCount "152"]
[EventDate "2012.??.??"]

1. d4 e6 2. c4 f5 3. g3 Nf6 4. Bg2 c6 5. Nh3 $2 {This is a mistake that is
regularly played. The reason is that it is only good once Black has played d5.
If White wants to play this type of line, he needs to play Nd2 or Qc2 to waste
a move and only after Black plays d5 does he play Nh3.} d6 6. O-O Be7 7. Nc3
Qc7 8. e4 e5 9. dxe5 {All my other opponents in this line had played d5, Black
gets a comfortable game. This way is not much better for White.} dxe5 10. exf5
Bxf5 11. Ng5 O-O 12. Be3 Na6 {At first sight you might think that White is
better, Black has an isolated King pawn, but in fact Black is better, his
position is easier to play and when the knights protect each other on c3 and
e4, they don't actually perform effectively.} 13. Nge4 Ng4 14. Qe2 Nxe3 15.
fxe3 Bb4 16. c5 Qe7 17. Rxf5 $2 {This came as a complete shock, Black is
better, maybe he decided to mix it up, but I couldn't see the compensation.}
Rxf5 18. Na4 Rd8 19. a3 Ba5 20. Nd6 Rff8 21. b4 Bb6 22. Nxb7 Qxb7 23. cxb6 axb6
24. b5 Nc7 25. Bxc6 Qa7 {So he has a pawn for his exchange, but with 2 open
files Black is better. Just a question of swapping bits into an endgame and
Black should win.} 26. Nc3 Ne8 27. Ne4 h6 28. Qg4 Qf7 29. Qe2 Qb3 (29... Nf6
30. Nxf6+ Qxf6 31. e4 Rd6 32. Bd5+ Kh8 33. Kg2 Qe7 34. Rf1 Rdd8 35. Rxf8+ Rxf8)
30. Nf2 Nf6 31. a4 Qc3 32. Ra2 Nd5 33. Bxd5+ Rxd5 34. Kg2 Rfd8 35. Rc2 Qb4 36.
Rc4 Qd2 37. Kf1 Qxe2+ 38. Kxe2 {
OK, so stage one complete, now to invade with the rooks and win stuff!} Rd2+
39. Ke1 Ra2 40. Ne4 Rxh2 41. Nf2 Rf8 42. Rc2 Rf3 43. a5 bxa5 44. Rb2 Rxe3+ 45.
Kf1 Rf3 46. b6 {This looks scary, but I had seen a line coming that gets me
into a won rook and pawn ending, looking good.} Rhxf2+ 47. Rxf2 Rb3 48. Ra2
Rxb6 49. Rxa5 Rf6+ 50. Ke2 Re6 51. Ke3 Kf7 52. Ke4 Kf6 53. Ra7 Rd6 54. Kf3 g6
55. Rh7 h5 56. g4 hxg4+ 57. Kxg4 Rd4+ 58. Kf3 Rf4+ 59. Ke3 Kg5 60. Re7 Rf5 61.
Re6 Kh5 62. Ke4 {The key here is the Knight pawn is all you need to win once
the King is cut off. So jettison the other pawn as it is just confusing us :-)}
Rf1 63. Rxe5+ Kg4 64. Kd3 g5 65. Ra5 Re1 66. Kd2 Re8 67. Ra1 Kf3 68. Ra3+ Kf2
69. Ra4 Rd8+ 70. Kc2 Rg8 71. Kd3 g4 72. Ke4 g3 73. Ra2+ Kg1 74. Kf3 g2 75. Ra7
Rb8 76. Ke2 Rh8 0-1

[Event "Queenstown"]
[Site "Classic"]
[Date "2012.01.18"]
[Round "4.22"]
[White "Steadman, Michael"]
[Black "Safarian, Alek"]
[Result "0-1"]
[WhiteElo "2258"]
[BlackElo "2036"]
[PlyCount "154"]
[EventDate "2012.01.??"]
[EventType "swiss"]
[EventRounds "9"]
[EventCountry "NZL"]

1. d4 d5 2. c4 e6 3. Nf3 c6 4. e3 Nf6 5. Nbd2 Nbd7 6. Bd3 b6 7. O-O Be7 8. Ne5
Bb7 9. cxd5 Nxe5 10. dxe5 Nxd5 11. Bc4 b5 12. Be2 O-O 13. Qb3 a6 14. f4 Qb6 15.
Rf3 c5 16. Nf1 Rad8 17. a3 f6 18. exf6 Rxf6 19. Qc2 c4 20. Kh1 Rdf8 21. Rh3 g6
22. Bf3 Bc5 23. Bd2 Bc8 24. Re1 R6f7 25. Rg3 Bb7 26. h4 Ne7 27. Bxb7 Qxb7 28.
h5 Qd5 29. hxg6 hxg6 30. e4 Rh7+ 31. Nh2 Qd7 32. Bc1 Qa7 33. Rd1 Bf2 34. Rf3
Bd4 35. g3 e5 36. Kg2 Nc6 37. f5 gxf5 38. exf5 Qd7 39. Qe4 Ne7 40. g4 Qc6 41.
Qxc6 Nxc6 42. Re1 Rd8 43. Nf1 Kg7 44. Rh3 Rxh3 45. Kxh3 Rh8+ 46. Kg2 Na5 47.
Re2 Rc8 48. Bd2 Nb3 49. Bc3 Rd8 50. Ng3 Nc1 51. Rd2 Nd3 52. Kf3 Rh8 53. Bxd4
exd4 54. Ke4 Nc5+ 55. Kf4 d3 56. Ne4 Nxe4 57. Kxe4 Re8+ 58. Kf3 Kf6 59. Rh2 Ke5
60. Ke3 Kd5+ 61. Kd2 Rg8 62. Rg2 Ke5 63. Ke3 Re8 64. Rf2 Kf6+ 65. Kf4 Re2 66.
g5+ Kg7 67. Kf3 Rxb2 $4 {This looks like it wins, and I was fooled. Afterwards
Tao showed us the win for White.} 68. Rxb2 c3 69. f6+ Kg8 70. Rxb5 $4 (70. f7+
{This was the move to see, you need to set up the mating net or drag Black's
King to the f file so Rf2 and King to e3 is with check which gets the pawns.}
Kf8 (70... Kxf7 71. Rb1 Kg6 72. Ke3 d2 73. Kd3 Kxg5 74. Kxc3) 71. Rh2 c2 (71...
Kxf7 72. Rh7+ Kg6 73. Rc7 c2 74. Ke3 Kxg5 75. Kxd3) 72. g6 c1=Q 73. Rh8+ Ke7
74. f8=Q+) 70... c2 71. Rb8+ Kf7 72. Rc8 d2 73. Rxc2 d1=Q+ 74. Re2 Qd5+ 75. Kf4
Kg6 76. Re5 Qd6 77. a4 Qd4+ 0-1

[Event "Queenstown"]
[Site "Classic"]
[Date "2012.01.23"]
[Round "9.8"]
[White "Steadman, Michael"]
[Black "Van Riemsdijk, Herman C"]
[Result "1-0"]
[WhiteElo "2275"]
[BlackElo "2401"]
[PlyCount "93"]
[EventDate "2012.01.??"]
[EventType "swiss"]
[EventRounds "9"]
[EventCountry "NZL"]

1. d4 c5 2. d5 Nf6 3. c4 b5 4. cxb5 a6 5. bxa6 g6 6. Nc3 Bxa6 7. Nf3 d6 8. g3
Bg7 9. Bg2 Nbd7 10. O-O O-O 11. Ne1 {This was the line I had looked at. The
idea is to get the Knight to e3, it protects d5 and c4 is a jump square on
occasion.} Ne8 12. Nc2 Nc7 13. Ne3 Nb5 14. Bd2 {
This is not best, the position is about equal, the Knight needs to be swapped.}
(14. Nxb5 Bxb5 15. Qc2 Qa5 16. Nd1 Rfb8 17. Nc3 Ba6 18. Bd2 Qb4 19. b3) 14...
Nd4 15. Re1 Qc7 16. b3 Rfb8 17. Rb1 Nb6 18. h3 {The position is even. White
can't do anything, I was relying on Herman's natural instinct to try and win.}
Bc8 19. Nc2 Bd7 20. Ne3 Qc8 21. Kh2 h5 22. Nf1 Bf6 23. e3 Nb5 24. Ne4 Bg7 25.
a4 Nc7 26. Bc3 Nbxd5 27. Bxg7 Kxg7 28. Nxd6 exd6 29. Bxd5 Nxd5 30. Qxd5 Ra6 31.
h4 Be6 32. Qd3 Rb4 33. Nd2 Qa8 {So I had managed to swap some pieces and still
keep the pawn. Now to break up the central pawns.} 34. e4 Kg8 35. Qc3 Rab6 36.
e5 Bf5 37. Rbc1 Qb8 38. exd6 (38. Nc4 $1 Rxb3 39. Qa5 R6b4 40. Nxd6 Rb2 41.
Qxc5 Bd7) 38... Rxd6 39. Re3 Be6 40. Ne4 Rdd4 41. Nxc5 Bd5 42. Kg1 Qc8 43. Kf1
Bc4+ $2 {Diagram #} 44. Nd3 $4 {This could have lost me the title - after a
surprise, concrete calculation is needed.} Qh3+ $2 (44... Rxd3 45. Rxd3 Bxd3+
46. Kg1 Qxc3 47. Rxc3 {Black is going to round up the pawns and then win. Both
Herman and I forgot the golden rule - reverse the combination and see if it
works.}) (44... Bxd3+ 45. Rxd3 Qxc3 46. Rcxc3 {This was the variation we both
looked at and we were convinced won - mutual blindness.}) 45. Ke1 Ba6 46. Rd1
Qd7 $4 (46... Qg2 47. Qc5 Bxd3 48. Rdxd3 Rxd3 49. Rxd3) 47. Qxb4 1-0

[Event "Queenstown Classic"]
[Site "Queenstown NZL"]
[Date "2012.01.19"]
[Round "5.6"]
[White "Johansen, Darryl K"]
[Black "Bischoff, Klaus"]
[Result "1-0"]
[WhiteElo "2403"]
[BlackElo "2537"]
[PlyCount "141"]
[EventDate "2012.01.15"]
[EventType "swiss"]
[EventRounds "9"]
[EventCountry "NZL"]
[Source "Mark Crowther"]
[SourceDate "2012.01.30"]

1. Nf3 Nf6 2. c4 b6 3. g3 Bb7 4. Bg2 c5 5. O-O g6 {I'd half expected a double
Fianchetto instead of Klaus' usual Hedgehog,hence I was able to peel off a bit
of preparation. I'd half expected a double fianchetto instead of Klaus'
"usual"Hedgehog.Hence I was able to reel off some preparation.} (5... e6 6. Nc3
Be7 7. d4 cxd4 8. Qxd4 d6 {etc.}) 6. d4 cxd4 7. Qxd4 Bg7 8. Nc3 d6 9. Be3 Nbd7
10. Rfd1 Rc8 11. Rac1 O-O 12. Qh4 Re8 13. b3 a6 14. Bh3 $5 {I saw it in some
Kramnik games;something may land on e6! However,white is working hereabouts
with a tiny edge.} Rc7 15. Bh6 Bxh6 (15... Bxf3 16. exf3 Rc5) 16. Qxh6 Bxf3 17.
exf3 Rc5 18. Qe3 Qb8 19. f4 {Diagram # To be honest, I was content to draw
with my "housemate" here; my tournament situation allowed it, I respected my
opponent's ability, and I wanted an easy afternoon for a change. However, the
30 move draw rule didn't permit this, and who knows, maybe Klaus is ambitious?
In any case, white's position  is simple enough, such that I can just, "play".}
e6 20. Qd4 b5 $6 (20... d5 $1 $11) 21. Qxd6 $14 bxc4 22. bxc4 Rxc4 23. Qxa6
Rec8 {I spent a bit of time here, pinching myself; yes I have an extra pawn,
no my opponent has no magical tactic.} 24. Ne2 Rc2 $2 {
Black now has to HOLD the draw.} (24... Rxc1 25. Rxc1 Rxc1+ 26. Nxc1 Qb2 {
is better, but the bonus pawn remains.}) 25. Rxc2 Rxc2 26. Nd4 Rc7 27. Qe2 $5 (
27. Bg2) 27... Qb4 28. Qd2 Qa4 29. Bg2 Ra7 {Diagram #} 30. Bc6 $6 {Here the "ha
ppy to draw", thing reared its ugly head. I wanted to have safe torture,
rather than hard work.} (30. Nc6 $1 Ra6 31. Ne5 Nf8 32. Qd8 $16 {for example.})
30... Qxa2 31. Qxa2 Rxa2 32. Nxe6 fxe6 $6 {
I expected, as a matter of course, 32.....Ra7.} (32... Nf8 33. Nd8 $5) (32...
Ra7) 33. Bxd7 Nxd7 34. Rxd7 Ra1+ 35. Kg2 {This 4 vs 3 is drawn,especially if
the e6 pawn can be traded. Drawing "drawn" endings is no simple task, however.}
Re1 36. g4 h5 $6 {Diagram #} (36... e5 37. Re7 (37. f5 $5)) 37. gxh5 $5 {
The chess engines want other moves. But the practical human has a different
bent.} gxh5 38. Re7 Kf8 39. Rh7 e5 40. Rxh5 exf4 41. Kf3 Rf1 42. Rh4 Kg7 43.
Rxf4 {A drawn ending. As the late John Hanks said to me circa 1978; "It's all
in the books"! (i.e.it was a draw) when I adjourned a rook and four vs rook
and three ending against him in Perth (he lost). An ignoramus, who apparently
"moderates" on "Chess Chat", mentioned this as a drawn position. (Imputing in
a context,that I was somehow lucky to win.)  Ah the armchair warrior!!
"Surrounded" by Fritz/Rybka/Firebird/Houdini etc etc. and under no competitive
pressure, can make bold pronunciations regarding people, games and positions,
about which they wouldn't have a chance in hell of handling with any aplomb,
were they in the situation of the person concerned.} Ra1 44. Rb4 Kg6 45. Rb5
Rh1 46. Kg2 Ra1 {Diagram # So it's a draw....But how does one (a) try to win
with white? and (b) hold the draw with black? I first had the chance to
analyse this ending when the late Greg Hjorth tried to win it against the late
Terrey Shaw, in the 1981-82 Australian Championships in Melbourne. (Too many
good people are late of recent.) To win; the rook pawn is a decoy; you will
try to win with a favourable rook and bishop pawn vs.rook ending. To defend;
the defensive King stays in front of the bishop pawn; the rook goes long,
working from the rear. This, however, is a broad description of how things
"should" look.} 47. h4 Rc1 48. f3 Ra1 49. Rc5 Rb1 50. Ra5 Rc1 51. Kg3 Rb1 $2 (
51... Rc4 {Why not!}) 52. Kg4 Rg1+ 53. Kf4 Rf1 (53... Rh1 54. Ra6+ Kf7 55. Kg5
Rg1+ 56. Kf5 Rh1 57. Ra7+) 54. Ra6+ Kf7 55. h5 Rb1 56. Kg4 Rb4+ 57. f4 Rb5 58.
h6 Rc5 59. Ra7+ Kg6 60. h7 {
Diagram # Now it is lost. May the warriors figure out where black went wrong.}
Rc8 61. f5+ Kh6 (61... Kf6 62. Kh5 Kxf5 63. Rg7) 62. Kf4 Re8 63. Rd7 Ra8 64.
Ke5 Ra5+ 65. Kd6 Ra6+ 66. Kc5 Ra8 67. f6 Kg6 68. Rg7+ Kh6 69. Rg8 Ra5+ 70. Kb4
Kxh7 {Diagram #} 71. f7 $1 (71. Rg7+ $4 Kh8 $11) 1-0

[Event "Queenstown Classic"]
[Site "Queenstown NZL"]
[Date "2012.01.22"]
[Round "8.6"]
[White "Johansen, D."]
[Black "Gu Xiaobing"]
[Result "1-0"]
[WhiteElo "2403"]
[BlackElo "2244"]
[PlyCount "113"]
[EventDate "2012.01.15"]
[EventType "swiss"]
[EventRounds "9"]
[EventCountry "NZL"]
[Source "Mark Crowther"]
[SourceDate "2012.01.30"]

1. d4 Nf6 2. c4 g6 3. Nc3 Bg7 4. e4 d6 5. Be2 O-O 6. Bg5 {The Averbakh.After
whipping out some quick moves,my opponent ground her thumbs into her temples
and then stared into space,as if she was trying to remember what the
"refutation" of this system was.I gathered this was not expected....good!} h6
7. Be3 Nbd7 8. Qd2 c5 (8... e5 9. d5 Nc5 10. f3 a5 $6 (10... Ne8 $5 11. b4 Na6
12. a3 f5) 11. O-O-O Kh7 (11... h5) 12. g4 {
followed,if allowed by h4-h5,is so passive for black.}) 9. d5 Kh7 10. Nf3 b5 $5
{Like a Benko;here it's not a bad idea.} 11. cxb5 a6 12. h3 $2 (12. O-O axb5
13. Bxb5 Ng4 14. Bf4 $14) (12. a4 {Is normal in similar positions.}) 12... Qa5
{Now I grimaced internally;my finesse on the previous move was just feeble!}
13. bxa6 (13. a4 axb5 14. Bxb5 Nxe4 $1 15. Nxe4 Qxb5) 13... Bxa6 {
My calculations after 12.h3 had me castling here.} 14. Bxa6 (14. O-O $2 Nxe4 {
Works because of the loose bishop on e2.}) 14... Qxa6 15. Qe2 {Taking on the
"Benko" ending was not what I envisaged a few moves ago.Here I needed to
emulate the best efforts of the famous master Grovelstein.} Rfb8 16. Qxa6 Rxa6
17. Bc1 (17. O-O-O $5 Nb6 {worried me.}) 17... Nb6 18. Nd2 Na4 19. Kd1 Nxb2+
20. Bxb2 Rxb2 21. Kc1 Rb4 22. Kc2 Nd7 (22... Ra3 {Looks even stronger.}) 23. a3
Bxc3 $1 24. Kxc3 Rba4 25. Nc4 Nb6 26. Nxb6 Rxb6 {Some dust has cleared;true,
the pawn has been returned for some simplification,but even with only two
rooks each black retains some pressure.} 27. Rhe1 Kg7 28. e5 $5 {
I didn't believe that passive defence would suffice.} (28. f3 g5 29. Re2 Kf6
$17) 28... dxe5 $5 (28... Kf8) 29. Rxe5 Kf6 30. Re3 g5 31. Rf3+ Ke5 $5 {
After a slowish opening,time-wise,my opponent had played some quick moves,and
this was one ofthem!} (31... Kg6) 32. Rxf7 {
I thought,"gobble up the pawns and hope(!) there is no win.} Kxd5 33. Rxe7 Rc4+
34. Kd2 Rb2+ 35. Ke1 Rcc2 36. Rf7 c4 37. Rd1+ Kc6 {I once adjourned with a
double rook ending against Mihai Ghinda,at the Olympiad in Luzern in 1982..
Analysis of the position I had ,taught me a simple truth;the superior side (ie
better passed pawn,king placement,etc),wants to trade a set of rooks!} 38. Rf5
$1 {This good move,making difficult the black king's entry,probably shouldn't
have saved the day.} c3 39. a4 {Bizarre thing happened.After 38.Rf5, Ms.Gu,
with about 25 minutes on her clock chewed up nearly all of her time looking
for the (non-existent) forced win.} Re2+ 40. Kf1 Rec2 $2 {
A hurried move,but a lemon.} (40... c2 41. Rc1 Re4 42. Rf3 $6 (42. Rb5 $5 Ra2
43. Rb3 (43. Rb8 {Is tougher.})) 42... Kc5 43. Rc3+ Rc4 44. Rxc4+ Kxc4 45. Ke2
Kc3 $19 {No forced wins,but long-term wins.}) (40... Rbd2 $17) 41. g3 $1 {
Breathing space! Notice how white avoids weakening the f4 square.} (41. g4 $6
Rb4 {intending ....Rf4.}) 41... Ra2 42. Rd4 {Not only has the danger for white
passed,but black has to now think about drawing the position.} Ra3 43. Kg2 Rc1
$6 (43... Rca2 44. Rc4+ Kd6 45. Rfc5 Rxa4 46. Rxa4 Rxa4 47. Rxc3 h5 $16) 44. a5
Rc2 $2 {
She's in limbo;my opponent's confident demeanour had completely vanished.} 45.
h4 gxh4 $2 46. Rxh4 $18 Rd2 47. Rxh6+ Rd6 48. Rh4 Rd5 49. Rc4+ Kd6 50. Rf6+ Ke5
51. Rf3 $1 Raxa5 52. Rcxc3 Rdb5 53. Ra3 {"Checkmating" a rook!} Rxa3 54. Rxa3
Ke4 55. Rf3 Rb8 56. g4 Rb1 57. Rf5 1-0

[Event "Queenstown Classic"]
[Site "Queenstown, New Zealand"]
[Date "2012.03.14"]
[Round "8.15"]
[White "Herman van Riemsdijk"]
[Black "Matthew Drummond"]
[Result "1-0"]
[WhiteElo "2401"]
[BlackElo "2227"]
[PlyCount "107"]
[EventDate "2012.??.??"]

1. e4 e6 2. d4 d5 3. Nc3 Bb4 4. e5 b6 5. Qg4 Bf8 6. Nf3 Ne7 7. Bg5 Ba6 (7... h6
$6 {as has been played in some games is bad because of} 8. Bxe7 $1 Qxe7 (8...
Kxe7 {is maybe better but is really ugly}) 9. Nxd5) 8. Bxa6 Nxa6 9. h4 {
Starting my favorite setup against the blocked French structure} Nb4 10. O-O-O
h6 11. Bf4 (11. Bxe7 Qxe7 12. h5 {is quite in the spirit of what I like}) 11...
Qd7 12. a3 Nbc6 (12... h5 $5 {
is for sure an option to be considered for Black. After} 13. Qh3 Nbc6 14. Kb1
Nf5 15. Rd3 {White's position is more flexible though}) 13. h5 {Hans Kmoch in
his excellent Pawn Power in Chess (My Tartan Books edition dates from 1975;
the original is from 1959) calls this (e5 and h5 against e6 and h6 with the
other White's pawns coming to f4 and g4) the Quartgrip. It gives the more
advanced formation many effective break possibilities. Of course the Quartgrip
- as Kmoch himself states - serves perfectly against a minority when Black has
only three pawns (e6, h6 and f7 or g7) as will happen in this game. The
Quartgrip is probably the strategic feature with which I have collected most
points. The great majority occur on the Kingside in the French and in the
Caro-Kann. In the latter mostly with an open d file.} O-O-O 14. Kb1 {White star
ts a rearrangement of its pieces by unoccupying the congested g and f files.
c1 is an ideal spot for the Bishop at the same time defending an eventual
counter-attack at the Queenside as supporting White's Pawn phalanx on the
Kingside.} Kb7 15. Bc1 Rc8 16. Qf4 Nd8 17. g4 a6 18. Rh3 {A flexible resource.
The rook on the third rank makes Black's c5 break more difficult and is ready
to double with the other rook on either file it's needed} Nec6 19. Ne1 {
Black is hesitating to break so White has all the time to make thisrearrangemen
t} Be7 20. Qd2 f6 {
My opponent senses that he will be overrun and tries to anticipate things} 21.
f4 fxe5 22. dxe5 {White has achieved his goal. A dangerous and maybe winning
Pawn structure on the Kingside. Both f5 and g5 breaks are very dangerous for
Black} Nf7 23. Qe2 Rhd8 24. Rhd3 Qe8 25. Nf3 {White completes its development.
Black has the difficult task to be ready for both f and g ruptures} Bf8 26. g5
{Now the natural break} hxg5 27. fxg5 Rd7 28. g6 $1 Nh6 29. Nh2 $6 (29. Bxh6
gxh6 30. Ne4 $1 dxe4 31. Rxd7 exf3 32. Qxf3 {
is winning. I saw this position but it wasn't that clear in my mind}) 29...
Nf5 30. Ne4 $4 (30. Ng4 {and White's advantage is clear. I always quote to my
pupils (and surely it has been said before): there is no Strategy so good that
it can resist bad Tactics!}) 30... Nxe5 {Grabbing the pawn, defending his own
Rook and therefore threatening at the same time my Rook and my Knight!} 31.
Nc5+ {I was very lucky to have this check!} Bxc5 32. Qxe5 Bd6 33. Qe2 Ng3 34.
Qg4 Ne4 35. Qg2 Qh8 36. Rh3 Bxh2 $6 (36... Rf8 {looks much better}) 37. Rxh2
Nd6 38. Qe2 Qg8 {Here my opponent offered a draw. I rejected on the basis that
my coming up g passed Pawn would give me reasonable chances} 39. Qe5 Rf8 40.
Re1 Re7 41. Qg5 Nf5 42. Rhe2 Ree8 43. Qg2 Nh4 44. Qg4 Nf3 45. Rh1 e5 46. h6
gxh6 47. Rxh6 Rf6 48. Rg2 Qe6 {Its quite comprehensible that Black doesn't
want his Queen as the blocking piece of Pawn g7 but after swapping the Queens
White is becoming comfortable again} 49. Qxe6 Rfxe6 50. g7 Rxh6 51. Bxh6 Rg8
52. Rg6 {And white has the edge} Nh2 ({Stopping  Rf6  because of 53...Ng4} 
52... Nd4 53. Rf6 Nc6 54. Rf7 $1 {and the White Bishop is ready to come to f6.}
e4 {fails because of} 55. Bf4) 53. c3 c6 $4 {Black's turn to blunder! But life
is not easy for him now. The king's path as follows will force e4 and many
weaknesses will appear: e.g.} (53... c5 54. Kc2 a5 55. Kd1 a4 56. Ke2 e4 {
Now forced because of the 57.Rg2 threat 57.Ke3 end the King comes in}) 54. Rf6
{and black resigned} (54. Rf6 Ng4 55. Rf7+ {etc.}) 1-0